00573nam a22001817a 4500010001400000020002600014035001700040035001300057037001800070082000800088100002000096245014200116260003900258270003600297300002000333700001800353700002000371 a1617CH-EN a9781409340980c599.00 aB-644007-034 aB-664994 aDPLbBBB/Ven. a609 aTurner, Tracey  a100 inventions that made history:cby Tracey Turner, Andrea Mills [and] Clive Giffordbbrilliant break throughts that shaped our world / bDorling Kindersley aLondon c2014 a80 Strand, bLondon eWC2R 0RL  a128p.c27cm(Hb) aMills, Andrea aGifford, Clive